000 00443nam a2200169Ia 4500
008 090711s9999 xx 000 0 und d
082 _b66789
100 _aमेहता शशिकला
245 _aतुळसा
260 _c1991
300 _a207
600 _aमेहता शशिकला
630 _aतुळसा
700 _aमेहता शशिकला
730 _aतुळसा
942 _cBOOK
999 _c283738
_d283738